Quincti Curtii Rufi De rebus gestis Alexandri Magni historiarum libri X. Plurimis mendis, quibus scatebant expurgati à D. Enrico Cruz Herrera, philosophiae, ac sacrae theologiae in archigymnasio ovetensi auditore, nunc humaniorum litterarum professore

Detalles Bibliográficos
Autor principal: Curcio Rufo, Quinto
Otros Autores: Cruz Herrera, Enrique, com, Alejandro Magno, rey de Macedonia, 356-323 a. C.
Formato: Libro
Lenguaje:Latin
Publicado: Matriti : typis Josephi de Urrutia, 1791.
Materias:
Colección:Banco de datos
Acervo:Fondo Bibliográfico Antiguo del Archivo Municipal de Orizaba
Descripción Física:414 p. ; 8°
Tema general:Literatura latina
Notas:Portada tipográfica con monograma del impresor en grabado xilográfico. Texto a renglón seguido con paginación en números arábigos. Encuadernación en cartón con lomo en piel. Sello en tinta del Archivo Municipal de Orizaba, Veracruz. Daños de humedad y polilla
LEADER 01043nam a22001930004500
035 |a 1031 
041 0 |a lat 
100 1 |a Curcio Rufo, Quinto 
245 1 0 |a Quincti Curtii Rufi De rebus gestis Alexandri Magni historiarum libri X. Plurimis mendis, quibus scatebant expurgati à D. Enrico Cruz Herrera, philosophiae, ac sacrae theologiae in archigymnasio ovetensi auditore, nunc humaniorum litterarum professore 
260 |a Matriti : typis Josephi de Urrutia, 1791. 
300 |a 414 p. ; 8° 
500 |a Portada tipográfica con monograma del impresor en grabado xilográfico. Texto a renglón seguido con paginación en números arábigos. Encuadernación en cartón con lomo en piel. Sello en tinta del Archivo Municipal de Orizaba, Veracruz. Daños de humedad y polilla 
650 1 0 |a Literatura latina 
700 1 |a Cruz Herrera, Enrique, com. 
700 1 |a Alejandro Magno, rey de Macedonia, 356-323 a. C. 
949 |a 2042 
942 |c ORIZABA 
943 |g Fondo Bibliográfico Antiguo del Archivo Municipal de Orizaba 
999 |c 1102981  |d 1102981